Automobilka na okraji mesta: konečne s perspektívou výroby i odbytu
Situácia v Bratislavských automobilových závodoch (BAZ). Ustanovenie spoločnosti Volkswagen Bratislava v roku 1991. Investičné náklady, výrobný program, výroba osobných automobilov. Strategické ciele spoločnosti.
Salvato in:
| Autore principale: | |
|---|---|
| Natura: | Capitolo di libro |
| Lingua: | slovacco |
| Soggetti: | |
| Tags: |
Nessun Tag, puoi essere il primo ad aggiungerne!!
|
MARC
| LEADER | 00000naa a2200000 4500 | ||
|---|---|---|---|
| 001 | r001002 | ||
| 005 | 20221205090848.2 | ||
| 041 | 0 | |a slo | |
| 044 | |a SK | ||
| 245 | 1 | 0 | |a Automobilka na okraji mesta: konečne s perspektívou výroby i odbytu |c P. Kresánek |
| 520 | |a Situácia v Bratislavských automobilových závodoch (BAZ). Ustanovenie spoločnosti Volkswagen Bratislava v roku 1991. Investičné náklady, výrobný program, výroba osobných automobilov. Strategické ciele spoločnosti. | ||
| 610 | 2 | 0 | |a priemysel automobilový |
| 610 | 2 | 0 | |a Slovensko |
| 610 | 2 | 0 | |a Volkswagen Bratislava |
| 610 | 2 | 0 | |a BAZ, a.s. Bratislava |
| 100 | 1 | |a Kresánek, P. | |